00646cam a2200205 a 450000100060000000300080000600500170001400800410003103500190007203500120009104000200010304100080012308200270013110000400015824500840019826000450028230000320032765000330035970000480039249758BD-RjUL20211209054726.0160822s1949 enk 000 0 eng d a(BD-RjUL)49878 a1034771 aVUbengcVUdVU aeng04a370.943220bSAE 1949 1 aSamuel, R. H.q(Richard H.),d1900-10aEducation and society in modern Germany /cby R.H. Samuel and R. Hinton Thomas. aLondon :bRoutledge & Kegan Paul,c1949. a191 p. : bill. ; c21 cm.  0aEducationzGermanyxHistory.1 aThomas, R. Hintonq(Richard Hinton),d1912-